000
00336nam a22001457a 4500
008
230320b ||||| |||| 00| 0 eng d
020
_a
21925495
041
_a
eng
080
_2
3RD EDITION
_a
616.31
082
_a
616.31NEW
100
_a
12
101
_a
STOMATO
245
_a
ORAL HARD TISSUE DISEASES
_c
NEWLAND .R
942
_2
udc
_c
BK
999
_c
59392
_d
59392